000 00230nam a22000857a 4500
008 160628b xxu||||| |||| 00| 0 eng d
100 _91297
_a Singh, K.C., et al
245 _aAncient India
260 _aNew Delhi
_bArya Publication
_c1990
999 _c1062
_d1062